|
|
|
|
| LEADER |
01572nam a22003498i 4500 |
| 001 |
28047 |
| 003 |
BD-DhAAL |
| 005 |
20150319143519.0 |
| 008 |
140623s2014 nyu b 001 0 eng |
| 010 |
|
|
|a 2014017954
|
| 020 |
|
|
|a 9780415859318 (hardback)
|
| 020 |
|
|
|a 9780415859325 (paperback)
|
| 020 |
|
|
|z 9780203798881 (ebook)
|
| 040 |
|
|
|a DLC
|b eng
|c DLC
|e rda
|d BD-DhAAL
|
| 042 |
|
|
|a pcc
|
| 050 |
0 |
0 |
|a LB2322.2
|b .B72 2014
|
| 082 |
0 |
0 |
|a 378.01
|2 23
|
| 100 |
1 |
|
|a Boys, Jos.
|9 9914
|
| 245 |
1 |
0 |
|a Building better universities :
|b strategies, spaces, technologies /
|c Jos Boys.
|
| 260 |
|
|
|a New York :
|b Routledge,
|c 2014
|
| 263 |
|
|
|a 1410
|
| 300 |
|
|
|a ix, 247 p. :
|b ill. ;
|c 20 cm.
|
| 504 |
|
|
|a Includes bibliographical references and index.
|
| 505 |
0 |
|
|a Re-shaping universities and colleges -- New patterns of public and private competition and collaboration -- Responding to internationalization -- Changing learning spaces -- Beyond virtual learning environments -- The implications of new technologies for learning -- Conclusion: Learning in a post-university world?
|
| 541 |
|
|
|e 29047
|
| 650 |
|
0 |
|a Education, Higher
|x Aims and objectives.
|9 9915
|
| 650 |
|
0 |
|a Education, Higher
|x Effect of technological innovations on.
|9 9916
|
| 650 |
|
0 |
|a Educational change.
|9 9854
|
| 650 |
|
7 |
|a EDUCATION / General.
|2 bisacsh
|9 9917
|
| 942 |
|
|
|2 ddc
|c BK
|
| 999 |
|
|
|c 34111
|d 34111
|
| 952 |
|
|
|0 0
|1 0
|2 ddc
|4 0
|6 378_010000000000000_BOY
|7 0
|9 53229
|a BRACUL
|b BRACUL
|c GEN
|d 2015-03-19
|e Karim International
|g 2750.00
|l 2
|m 14
|o 378.01 BOY
|p 3010029047
|r 2016-11-13
|s 2016-09-07
|t 1
|w 2015-03-19
|y BK
|